[Event "Popayan Yeika op 1st"]
[Site "Popayan"]
[Date "2024.10.13"]
[Round "5"]
[White "Yatacue Perdomo, Ciara Marcela"]
[Black "Sevilla Fuertes, Ana Julieta"]
[Result "1-0"]
[WhiteElo "1611"]
[BlackElo "1535"]
[PlyCount "71"]
[EventDate "2024.10.11"]
[EventType "swiss"]
[EventRounds "7"]
[EventCountry "COL"]
[SourceTitle "CB43_2024"]
[Source "Chessbase"]
[SourceDate "2024.10.23"]
[SourceVersion "1"]
[SourceVersionDate "2024.10.23"]
[SourceQuality "1"]

1. d4 d5 2. Nf3 Nc6 3. Bf4 Nf6 4. h3 e6 5. e3 Bd6 6. c3 Bxf4 7. exf4 0-0 8. Bd3 Ne7 9. 0-0 Nf5 10. g4 Nd6 11. Ne5 Nde8 12. g5 Nd7 13. Qh5 g6 14. Qh6 Nxe5 15. fxe5 Ng7 16. Nd2 Nf5 17. Bxf5 exf5 18. f4 Qe7 19. Rac1 c5 20. Nf3 cxd4 21. Nxd4 b6 22. Rf2 Kh8 23. Rh2 Rg8 24. Kf2 Qf8 25. Qxf8 Rxf8 26. Nb5 Bb7 27. h4 a6 28. Nd6 Bc6 29. h5 d4 30. cxd4 Bd5 31. b3 Rad8 32. Rc3 Rd7 33. hxg6 fxg6 34. Kg3 Rdd8 35. Rc7 Rxd6 36. Rhxh7+ 1-0